| 000 | 01649cam a2200361 a 4500 | ||
|---|---|---|---|
| 001 | 16765250 | ||
| 003 | OSt | ||
| 005 | 20180117090003.0 | ||
| 008 | 110506s2012 dcuab b 001 0 eng | ||
| 010 | _a 2011018892 | ||
| 020 | _a9781608716692 (pbk. : alk. paper) | ||
| 040 |
_aDLC _cDLC _dDLC |
||
| 042 | _apcc | ||
| 043 | _an-us--- | ||
| 050 | 0 | 0 |
_aKF2750 _b.T73 2012 |
| 082 | 0 | 0 |
_a343.7309/9 _223 |
| 100 | 1 | _aTrager, Robert. | |
| 245 | 1 | 4 |
_aThe law of journalism and mass communication / _cRobert Trager, Joseph Russomanno, Susan Dente Ross. |
| 250 | _a3rd ed. | ||
| 260 |
_aWashington, D.C. : _bCQ Press, _cc2012. |
||
| 300 |
_axxix, 792 p. : _bill., map ; _c24 cm. |
||
| 504 | _aIncludes bibliographical references (p. 677-721) and index. | ||
| 505 | 0 | _aThe rule of law -- The first amendment -- Speech distinctions -- Libel : the plaintiff's case -- Libel : defenses and privileges -- Protecting privacy -- Emotional distress and physical harm -- Newsgathering -- Reporter's privilege -- The media and the courts -- Electronic media regulation -- Obscenity, indecency and violence -- Intellectual property -- Advertising. | |
| 650 | 0 |
_aMass media _xLaw and legislation _zUnited States. |
|
| 650 | 0 |
_aPress law _zUnited States. |
|
| 650 | 0 |
_aFreedom of the press _zUnited States. |
|
| 700 | 1 | _aRussomanno, Joseph. | |
| 700 | 1 | _aRoss, Susan Dente. | |
| 906 |
_a7 _bcbc _corignew _d1 _eecip _f20 _gy-gencatlg |
||
| 942 |
_2ddc _cBK |
||
| 999 |
_c3302 _d3302 |
||